000 00245nam a2200097Ia 4500
001 796022
005 20250826170739.0
008 250824s9999 xx 000 0 und d
245 0 _aSİSTERS KARDEŞLER
_cPATRICK CARMAN
260 _bDOMİNGO YAYINLARI
999 _c796022
_d796022